| 000 | 00507nam a22001937a 4500 | ||
|---|---|---|---|
| 003 | OSt | ||
| 005 | 20140310181720.0 | ||
| 008 | 130306t xxu||||| |||| 00| 0 eng d | ||
| 020 | _a0340914769 | ||
| 050 |
_aBD 161 _b.Al351 2006 |
||
| 082 |
_aIB 121.21 _bAl1 2006 |
||
| 100 | _aAlchin, Nicholas. | ||
| 245 |
_aTheory of knowledge / _cAlchin Nicolas. |
||
| 250 | _a2nd ed. | ||
| 260 |
_aLondon: _bHodder Murray, _c2006. |
||
| 300 |
_a380 p. : _c25cm. _bill. some col. ; |
||
| 942 |
_2lcc _cBK |
||
| 999 |
_c1960 _d1960 |
||